000 00773nam a2200253 a 4500
001 79992
003 BD-RjUL
005 20220619155404.0
008 220619s2012 nyu 000 0 eng d
020 _a9781438001999
035 _a(BD-RjUL)79992
040 _aBZL
_beng
_cBD-RjUL
041 _aeng
082 _223
_a738.1
_bATH 2012
100 1 _aAtkin, Jacqui
_93724
245 1 0 _aHandbuilt pottery techniques revealed :
_bthe secrets of handbuilding shown in unique cutaway photography /
_cJacqui Atkin.
250 _aExtended edition
260 _aHauppauge, N.Y. :
_bBarron's,
_c2013.
300 _a192 p. :
_bill.;
_c29 cm.
500 _a"A Quarto book"--T.p. verso
650 0 _aPottery
_xTechnique.
_93725
650 0 _aPottery craft.
_93726
942 _2ddc
_cBK
999 _c79992
_d79992